<?xml version="1.0" encoding="UTF-8"?>
<record
    xmlns:xsi="http://www.w3.org/2001/XMLSchema-instance"
    xsi:schemaLocation="http://www.loc.gov/MARC21/slim http://www.loc.gov/standards/marcxml/schema/MARC21slim.xsd"
    xmlns="http://www.loc.gov/MARC21/slim">

  <leader>02805nam a22002897a 4500</leader>
  <controlfield tag="003">OSt</controlfield>
  <controlfield tag="005">20251024113602.0</controlfield>
  <controlfield tag="007">cr ||||||auc|a</controlfield>
  <controlfield tag="008">230120b2021    mx ||||fom||| 001 0 spa d</controlfield>
  <datafield tag="040" ind1=" " ind2=" ">
    <subfield code="e">rda</subfield>
  </datafield>
  <datafield tag="100" ind1="1" ind2=" ">
    <subfield code="9">185944</subfield>
    <subfield code="a">S&#xE1;nchez Gast&#xE9;lum, Carolina del Rosario</subfield>
  </datafield>
  <datafield tag="245" ind1="1" ind2=" ">
    <subfield code="a">Desarrollo rural sostenible:</subfield>
    <subfield code="b">experiencias de producci&#xF3;n de jatropha curcas en dos regiones de M&#xE9;xico /</subfield>
    <subfield code="c">por Carolina del Rosario S&#xE1;nchez Gast&#xE9;lum; director de tesis Ibis Hortensia Mirella Sep&#xFA;lveda Gonz&#xE1;lez</subfield>
  </datafield>
  <datafield tag="264" ind1="1" ind2=" ">
    <subfield code="a">Chapingo, M&#xE9;xico :</subfield>
    <subfield code="b">El autor,</subfield>
    <subfield code="c">2021.</subfield>
  </datafield>
  <datafield tag="300" ind1=" " ind2=" ">
    <subfield code="a">1 recurso en l&#xED;nea (232 p&#xE1;ginas).</subfield>
  </datafield>
  <datafield tag="336" ind1=" " ind2=" ">
    <subfield code="2">rdacontent</subfield>
    <subfield code="a">texto</subfield>
    <subfield code="b">txt</subfield>
  </datafield>
  <datafield tag="337" ind1=" " ind2=" ">
    <subfield code="2">rdamedia</subfield>
    <subfield code="a">computadora</subfield>
    <subfield code="b">c</subfield>
  </datafield>
  <datafield tag="338" ind1=" " ind2=" ">
    <subfield code="2">rdacarrier</subfield>
    <subfield code="a">recurso en l&#xED;nea</subfield>
    <subfield code="b">cr</subfield>
  </datafield>
  <datafield tag="502" ind1=" " ind2=" ">
    <subfield code="b">DCCA</subfield>
    <subfield code="c">Sociolog&#xED;a</subfield>
    <subfield code="d">2021.</subfield>
    <subfield code="g">DOC</subfield>
  </datafield>
  <datafield tag="504" ind1=" " ind2=" ">
    <subfield code="a">Incluye referencias bibliogr&#xE1;ficas: p&#xE1;ginas 217-232</subfield>
  </datafield>
  <datafield tag="520" ind1=" " ind2=" ">
    <subfield code="a">Se valor&#xF3; en campo, bajo condiciones diferentes, en el estado de Campeche (2017- 2020) y en el sur del Estado de M&#xE9;xico (2019- 2020), el potencial productivo, econ&#xF3;mico, ambiental y sociocultural de una propuesta basada en el cultivo de Jatropha curcas (Jatropha) no t&#xF3;xica, con la intenci&#xF3;n de valorar procesos de desarrollo rural sostenible bajo una visi&#xF3;n agroecol&#xF3;gica, en sistemas agrosilvopastoriles, encontr&#xE1;ndose m&#xFA;ltiples usos potenciales tanto bioenerg&#xE9;ticos, agroindustriales y artesanales, como ambientales y de alimentaci&#xF3;n humana y animal. Se utiliz&#xF3; como base los indicadores de la Asociaci&#xF3;n Global de la Bioenerg&#xED;a (GBEP), el marco anal&#xED;tico BEFS (Bioenerg&#xED;a y la Seguridad Alimentaria) y los componentes centrales de la agricultura campesina. En total se detectaron 23 elementos de an&#xE1;lisis de los dos proyectos estudiados, 11 fueron expresados cualitativamente y 12 cuantitativamente, usando una gr&#xE1;fica de telara&#xF1;a o AMEBA. Para la recolecci&#xF3;n de informaci&#xF3;n se utiliz&#xF3; la encuesta y la entrevista semiestructurada y en profundidad. Se concluye que, aunque se encontraron algunos puntos cr&#xED;ticos que requieren especial atenci&#xF3;n, como el largo periodo de establecimiento del cultivo (cuatro a&#xF1;os), el alto uso de herbicidas, el poco uso de abonos org&#xE1;nicos y la baja participaci&#xF3;n femenina; aun as&#xED;, result&#xF3; una opci&#xF3;n rentable, inclusiva, resiliente, con la capacidad de adaptarse a las particularidades f&#xED;sicas y socioculturales de la regi&#xF3;n, sin comprometer los recursos naturales.</subfield>
  </datafield>
  <datafield tag="650" ind1=" " ind2="4">
    <subfield code="9">135370</subfield>
    <subfield code="a">Jatropha curcas</subfield>
    <subfield code="x">Aprovechamiento</subfield>
  </datafield>
  <datafield tag="650" ind1=" " ind2="4">
    <subfield code="9">133326</subfield>
    <subfield code="a">Jatropha</subfield>
    <subfield code="x">Valor nutritivo</subfield>
  </datafield>
  <datafield tag="650" ind1=" " ind2="4">
    <subfield code="9">129610</subfield>
    <subfield code="a">Biocombustibles</subfield>
    <subfield code="x">Producci&#xF3;n</subfield>
  </datafield>
  <datafield tag="700" ind1="0" ind2=" ">
    <subfield code="a">Sep&#xFA;lveda Gonz&#xE1;lez, Ibis H.</subfield>
    <subfield code="e">Director de tesis</subfield>
    <subfield code="9">104479</subfield>
  </datafield>
  <datafield tag="856" ind1=" " ind2=" ">
    <subfield code="u">http://10.13.5.2/tesis/td/2021_SR_Sanchez_Gastelum_CarolinadelRosario.pdf</subfield>
    <subfield code="z">DESCARGAR PDF</subfield>
  </datafield>
  <datafield tag="942" ind1=" " ind2=" ">
    <subfield code="2">Clasificaci&#xF3;n Universidad Aut&#xF3;noma Chapingo</subfield>
    <subfield code="c">TD</subfield>
  </datafield>
  <datafield tag="999" ind1=" " ind2=" ">
    <subfield code="c">218125</subfield>
    <subfield code="d">218125</subfield>
  </datafield>
  <datafield tag="952" ind1=" " ind2=" ">
    <subfield code="0">0</subfield>
    <subfield code="1">0</subfield>
    <subfield code="2">local</subfield>
    <subfield code="4">0</subfield>
    <subfield code="5">1</subfield>
    <subfield code="7">0</subfield>
    <subfield code="8">TesdigD</subfield>
    <subfield code="a">BD</subfield>
    <subfield code="b">BD</subfield>
    <subfield code="c">E_L</subfield>
    <subfield code="d">2023-02-01</subfield>
    <subfield code="l">0</subfield>
    <subfield code="o">Tesis digital</subfield>
    <subfield code="r">2023-02-01 00:00:00</subfield>
    <subfield code="w">2023-02-01</subfield>
    <subfield code="y">TD</subfield>
  </datafield>
</record>
